Mediacin̤ familiar

Detalles Bibliográficos
Autor principal: Souto Galvǹ, Esther
Formato: eBook
Lenguaje:español
Publicado: Madrid: Dykinson, 2012
Materias:
Acceso en línea:Acceso restringido

MARC

LEADER 00000nam a22000007a 4500
005 20131127173630.0
007 cr|||| ||||
008 131127s2012 sp |||||s|||| 00||0 spa d
020 |a 978-84-9031-459-3 
035 |a 11631 
040 |a vLex 
090 |c 4584  |d 4584 
100 1 |a Souto Galvǹ, Esther 
245 1 0 |a Mediacin̤ familiar  |h [Recurso electrn̤ico] /  |c Esther Souto Galvǹ  
256 |a Servicio en ln̕ea 
260 |a Madrid:  |b Dykinson,  |c 2012 
300 |a 1 recurso electrn̤ico 
506 1 |a Contenido solo disponible en los productos indicados  |d vLex Global  |d vLex Global (Academic Edition, excluding Law Schools)  |d vLex Global (U.S. Academic Edition, Law Schools)  |d vLex Global (U.S. Academic Edition, excluding Law Schools)  |d vLex Global (Academic Edition, Law Schools) 
650 0 4 |a Mediacin̤ familiar 
740 0 |a vLex Libros (Servicio en ln̕ea) 
856 4 0 |u http://vlex.com/source/mediacion-familiar-11631  |z Acceso restringido 
942 |c BOOK 
999 0 |a Family mediation